[Event "Arber op 7th"]
[Site "Bodenmais"]
[Date "2018.07.29"]
[Round "2"]
[White "Pitica, Silviu Valentin"]
[Black "Desoye, Gernot"]
[Result "1-0"]
[WhiteElo "2149"]
[BlackElo "1767"]
[PlyCount "67"]
[EventDate "2018.07.28"]
[EventType "swiss"]
[EventRounds "9"]
[EventCountry "GER"]
[SourceTitle "CBM 185 Extra"]
[Source "ChessBase"]
[SourceDate "2018.07.29"]
[SourceVersion "1"]
[SourceVersionDate "2018.07.29"]
[SourceQuality "1"]

1. e4 c5 2. Nf3 Nc6 3. Bb5 Nd4 4. Nxd4 cxd4 5. 0-0 g6 6. c3 Bg7 7. Re1 Qb6 8. Na3 Nf6 9. e5 Nd5 10. Bc4 Nc7 11. Qe2 0-0 12. Nc2 dxc3 13. bxc3 Re8 14. Ba3 Ne6 15. d4 d6 16. exd6 exd6 17. Ne3 Qd8 18. Qf3 Rb8 19. Rab1 a6 20. Qg3 Bf8 21. h4 b5 22. Nf5 Rb6 23. Bb3 Kh8 24. Ne3 Rb7 25. Nd5 Ng7 26. Rxe8 Qxe8 27. Bxd6 Nf5 28. Be5+ Bg7 29. Qg5 Bxe5 30. dxe5 Be6 31. Nf6 Qf8 32. Bxe6 fxe6 33. Rd1 Rb8 34. Rd7 1-0

[Event "Arber op 7th"]
[Site "Bodenmais"]
[Date "2018.07.28"]
[Round "1"]
[White "Glaser, Max"]
[Black "Pitica, Silviu Valentin"]
[Result "1/2-1/2"]
[WhiteElo "1812"]
[BlackElo "2149"]
[PlyCount "70"]
[EventDate "2018.07.28"]
[EventType "swiss"]
[EventRounds "9"]
[EventCountry "GER"]
[SourceTitle "CBM 185 Extra"]
[Source "ChessBase"]
[SourceDate "2018.07.29"]
[SourceVersion "1"]
[SourceVersionDate "2018.07.29"]
[SourceQuality "1"]

1. e4 c5 2. Nf3 d6 3. d4 cxd4 4. Nxd4 Nf6 5. Nc3 a6 6. f3 e5 7. Nb3 Be6 8. Be3 Nbd7 9. Be2 Be7 10. 0-0 b5 11. Qd2 Nb6 12. Kh1 0-0 13. Rfd1 Nc4 14. Bxc4 bxc4 15. Nc1 Qc7 16. N1e2 Rab8 17. b3 Rfd8 18. Nd5 Bxd5 19. exd5 Rdc8 20. Ng3 Rb5 21. Nf5 Bf8 22. Bg5 Rxd5 23. Qe2 Rxd1+ 24. Rxd1 Ne8 25. Ne3 cxb3 26. cxb3 h6 27. Bh4 a5 28. Qa6 Qc3 29. Nc4 Qc2 30. Ne3 Qc3 31. Nc4 Rc5 32. Qa8 Nc7 33. Qb8 Qc2 34. Rg1 g5 35. Be1 Qxa2 1/2-1/2

[Event "World Amateur-ch U2300"]
[Site "Cagliari"]
[Date "2018.04.23"]
[Round "3"]
[White "Pitica, Silviu Valentin"]
[Black "Herrmann, Roman"]
[Result "1-0"]
[WhiteElo "2135"]
[BlackElo "1975"]
[PlyCount "61"]
[EventDate "2018.04.22"]
[EventType "swiss"]
[EventRounds "9"]
[EventCountry "ITA"]
[SourceTitle "CBM 184 Extra"]
[Source "ChessBase"]
[SourceDate "2018.06.28"]
[SourceVersion "1"]
[SourceVersionDate "2018.06.28"]
[SourceQuality "1"]

1. e4 e6 2. d4 d5 3. Nc3 Nf6 4. e5 Nfd7 5. f4 c5 6. Nf3 Nc6 7. Be3 cxd4 8. Nxd4 Bc5 9. Qd2 0-0 10. 0-0-0 a6 11. h4 Nxd4 12. Bxd4 b5 13. Kb1 Qc7 14. h5 b4 15. Na4 Bxd4 16. Qxd4 a5 17. h6 g6 18. c3 Qc6 19. b3 bxc3 20. Rc1 Ba6 21. Rxc3 Qb7 22. Bxa6 Qxa6 23. Rc7 Rfd8 24. Qf2 Qd3+ 25. Kb2 Qb5 26. Rhc1 Rab8 27. Ka1 Nb6 28. Qh4 Qe8 29. Qf6 Qf8 30. Nxb6 Rxb6 31. Rxf7 1-0

[Event "Arad op 10th"]
[Site "Arad"]
[Date "2017.08.12"]
[Round "8"]
[White "Takacs, Laszlo"]
[Black "Pitica, Silviu Valentin"]
[Result "1-0"]
[WhiteElo "2229"]
[BlackElo "2101"]
[PlyCount "79"]
[EventDate "2017.08.06"]
[EventType "swiss"]
[EventRounds "9"]
[EventCountry "ROU"]
[SourceTitle "CBM 179 Extra"]
[Source "ChessBase"]
[SourceDate "2017.08.23"]
[SourceVersion "1"]
[SourceVersionDate "2017.08.23"]
[SourceQuality "1"]

1. e4 c5 2. Nf3 d6 3. d4 cxd4 4. Nxd4 Nf6 5. Nc3 g6 6. Be3 Bg7 7. f3 0-0 8. Bc4 Nc6 9. Qd2 Bd7 10. 0-0-0 Rb8 11. g4 Ne5 12. Bb3 b5 13. Bh6 Nc4 14. Bxc4 bxc4 15. Bxg7 Kxg7 16. h4 Qb6 17. b3 Qb4 18. h5 Kg8 19. hxg6 fxg6 20. g5 Nh5 21. Rxh5 gxh5 22. g6 hxg6 23. Qh6 Rf7 24. Rg1 Rg7 25. Rxg6 Rxg6 26. Qxg6+ Kf8 27. Qh6+ Kg8 28. Qg5+ Kf8 29. Nd5 Qe1+ 30. Kb2 c3+ 31. Nxc3 Qf2 32. Nf5 Bxf5 33. Qxf5+ Kg7 34. Qg5+ Kf8 35. Qxh5 Qd4 36. Qa5 Rb6 37. Qd5 Qe3 38. Qf5+ Kg7 39. Qd7 Kf7 40. Qxe7+ 1-0

[Event "Vimercate op"]
[Site "Vimercate"]
[Date "2015.11.27"]
[Round "5"]
[White "Lapiccirella, Daniele"]
[Black "Pitica, Silviu Valentin"]
[Result "1-0"]
[WhiteElo "2235"]
[BlackElo "1952"]
[PlyCount "57"]
[EventDate "2015.11.27"]
[EventType "swiss"]
[EventRounds "5"]
[EventCountry "ITA"]
[SourceTitle "EXT 2018"]
[Source "ChessBase"]
[SourceDate "2017.10.13"]
[SourceVersion "1"]
[SourceVersionDate "2017.10.13"]
[SourceQuality "1"]

1. d4 Nf6 2. c4 g6 3. Nc3 Bg7 4. e4 d6 5. f3 Nbd7 6. Be3 0-0 7. Nh3 c5 8. d5 Qb6 9. Rb1 Qa5 10. Be2 Ne5 11. Nf2 h5 12. 0-0 Bd7 13. h3 Be8 14. f4 Ned7 15. g4 hxg4 16. hxg4 Nb6 17. Kg2 Ba4 18. Qd2 Bd7 19. Rbc1 Na4 20. Rh1 Ne8 21. g5 Nc7 22. Rh2 Nxc3 23. bxc3 b5 24. Bg4 Be8 25. Qe2 Rb8 26. Qf3 f5 27. exf5 Rxf5 28. Qh3 Bd7 29. Qh7+ 1-0

[Event "Quarantennale op"]
[Site "Cirie"]
[Date "2013.04.30"]
[Round "5"]
[White "Coqueraut, Lodewyk"]
[Black "Pitica, Silviu Valentin"]
[Result "1-0"]
[WhiteElo "1813"]
[BlackElo "1853"]
[PlyCount "117"]
[EventDate "2013.04.27"]
[EventType "swiss"]
[EventRounds "6"]
[EventCountry "ITA"]
[SourceTitle "EXT 2014"]
[Source "ChessBase"]
[SourceDate "2013.11.20"]
[SourceVersion "1"]
[SourceVersionDate "2013.11.20"]
[SourceQuality "1"]

1. e4 c5 2. Nf3 d6 3. d4 cxd4 4. Nxd4 Nf6 5. Nc3 a6 6. Bc4 e6 7. Bb3 Be7 8. Qf3 0-0 9. 0-0 Nc6 10. Nxc6 bxc6 11. Be3 Qa5 12. Rfe1 Nd7 13. Qg3 Qh5 14. Ne2 Qh4 15. Rad1 Qxg3 16. hxg3 Rd8 17. f4 Nf6 18. Bb6 Rf8 19. Nd4 Bd7 20. Nf3 Ng4 21. e5 d5 22. c4 Bd8 23. Bc5 Ba5 24. Re2 Rfc8 25. Ba4 Rab8 26. cxd5 cxd5 27. Bxd7 Rxc5 28. f5 Rc7 29. fxe6 Bb6+ 30. Nd4 Kf8 31. e7+ Kxe7 32. Bxg4 Rc4 33. Red2 Ba7 34. Be2 Bxd4+ 35. Rxd4 Rxd4 36. Rxd4 Rxb2 37. Bxa6 Rxa2 38. Bb7 Re2 39. Rxd5 Ke6 40. Kf1 Rxe5 41. Rxe5+ Kxe5 42. Kf2 Kf5 43. Bc8+ Kg5 44. Kf3 g6 45. Bd7 h5 46. g4 f6 47. gxh5 gxh5 48. Ke4 Kg6 49. Kf4 Kg7 50. Be8 Kh6 51. Kf5 h4 52. Kg4 h3 53. Kxh3 Kg5 54. Kg3 Kf5 55. Kf3 Kg5 56. g3 Kf5 57. Bd7+ Kg5 58. Ke4 Kg6 59. Kf4 1-0

[Event "Quarantennale op"]
[Site "Cirie"]
[Date "2013.04.27"]
[Round "2"]
[White "Frassati, Giovanni"]
[Black "Pitica, Silviu Valentin"]
[Result "0-1"]
[WhiteElo "1813"]
[BlackElo "1853"]
[PlyCount "119"]
[EventDate "2013.04.27"]
[EventType "swiss"]
[EventRounds "6"]
[EventCountry "ITA"]
[SourceTitle "EXT 2014"]
[Source "ChessBase"]
[SourceDate "2013.11.20"]
[SourceVersion "1"]
[SourceVersionDate "2013.11.20"]
[SourceQuality "1"]

1. e4 c5 2. Nf3 d6 3. a4 Nc6 4. Nc3 Nf6 5. Bc4 Bg4 6. d3 e6 7. Bf4 Nd4 8. e5 d5 9. Bb5+ Nd7 10. h3 Bxf3 11. gxf3 a6 12. Bxd7+ Qxd7 13. Bg5 Be7 14. Bxe7 Qxe7 15. f4 h5 16. h4 g6 17. Rh3 Nf5 18. Qf3 Nxh4 19. Qh1 Nf5 20. a5 Nd4 21. Kd1 Qd7 22. Na4 Qb5 23. Qe1 Rc8 24. Qc3 Rc7 25. Nb6 0-0 26. Ra4 Nf5 27. Ra2 Rd8 28. Qd2 Rc6 29. Kc1 Kf8 30. Ra3 Nd4 31. Kb1 Ke7 32. f5 Rxb6 33. axb6 Nxf5 34. Qg5+ Kd7 35. c4 Qb4 36. Qf6 Rf8 37. cxd5 Qe1+ 38. Ka2 exd5 39. Rc3 Qxf2 40. e6+ Ke8 41. d4 Qxd4 42. exf7+ Rxf7 43. Qe6+ Kf8 44. Rhd3 Qa4+ 45. Kb1 Qe4 46. Qc8+ Kg7 47. Qxc5 Ne7 48. Ka2 Qa4+ 49. Kb1 Rf1+ 50. Rc1 Rxc1+ 51. Kxc1 Qf4+ 52. Kc2 Nc6 53. Qc3+ Kh6 54. Rg3 d4 55. Qe1 Qf5+ 56. Kc1 Qc5+ 57. Kb1 Qf5+ 58. Kc1 Qc5+ 59. Kb1 Qf5+ 60. Kc1 0-1

[Event "Torino Sada op"]
[Site "Torino"]
[Date "2012.11.06"]
[Round "7"]
[White "Pitica, Silviu Valentin"]
[Black "Mazzetta, Renato"]
[Result "1-0"]
[WhiteElo "1853"]
[BlackElo "1942"]
[PlyCount "75"]
[EventDate "2012.09.17"]
[EventType "swiss"]
[EventRounds "7"]
[EventCountry "ITA"]
[SourceTitle "EXT 2018"]
[Source "ChessBase"]
[SourceDate "2017.10.13"]
[SourceVersion "1"]
[SourceVersionDate "2017.10.13"]
[SourceQuality "1"]

1. e4 d5 2. exd5 Qxd5 3. Nc3 Qd6 4. d4 Nf6 5. Nf3 Bg4 6. h3 Bh5 7. g4 Bg6 8. Ne5 c6 9. Nxg6 hxg6 10. Qf3 Nd5 11. Ne4 Qe6 12. Be3 Nd7 13. 0-0-0 N5f6 14. Nxf6+ Nxf6 15. c4 Qe4 16. Bg2 Qxf3 17. Bxf3 e6 18. g5 Nd7 19. d5 cxd5 20. cxd5 Ne5 21. Be2 exd5 22. Rxd5 Rc8+ 23. Kb1 Nc6 24. Rhd1 Be7 25. Bg4 Ra8 26. Rb5 0-0 27. Rxb7 Rab8 28. Rdd7 Rxb7 29. Rxb7 Rb8 30. Rc7 Ba3 31. Rxc6 Rxb2+ 32. Ka1 Rb5 33. Bc1 Bc5 34. Rxc5 Rxc5 35. Be3 Ra5 36. Kb2 f6 37. Kb3 fxg5 38. a4 1-0

[Event "Torino Sada op"]
[Site "Torino"]
[Date "2012.10.22"]
[Round "6"]
[White "Barolo, Andrea"]
[Black "Pitica, Silviu Valentin"]
[Result "0-1"]
[WhiteElo "1940"]
[BlackElo "1853"]
[PlyCount "37"]
[EventDate "2012.09.17"]
[EventType "swiss"]
[EventRounds "7"]
[EventCountry "ITA"]
[SourceTitle "EXT 2018"]
[Source "ChessBase"]
[SourceDate "2017.10.13"]
[SourceVersion "1"]
[SourceVersionDate "2017.10.13"]
[SourceQuality "1"]

1. d4 Nf6 2. Nf3 g6 3. e3 Bg7 4. Bd3 c5 5. 0-0 0-0 6. c3 b6 7. e4 Bb7 8. e5 Ne4 9. Re1 d5 10. Be3 Nc6 11. Nbd2 cxd4 12. cxd4 Nb4 13. Bb1 Rc8 14. a3 Nxd2 15. Qxd2 Nc6 16. Bh6 Na5 17. Bxg7 Kxg7 18. Qb4 Rc4 19. Qb5 0-1

[Event "Torino Sada op"]
[Site "Torino"]
[Date "2011.10.10"]
[Round "4"]
[White "Pitica, Silviu Valentin"]
[Black "Dritsakos, Alessio"]
[Result "1-0"]
[WhiteElo "1518"]
[BlackElo "1999"]
[PlyCount "65"]
[EventDate "2011.09.19"]
[EventType "swiss"]
[EventRounds "7"]
[EventCountry "ITA"]
[SourceTitle "EXT 2018"]
[Source "ChessBase"]
[SourceDate "2017.10.13"]
[SourceVersion "1"]
[SourceVersionDate "2017.10.13"]
[SourceQuality "1"]

1. e4 e5 2. Nf3 Nc6 3. d4 exd4 4. Nxd4 Nf6 5. Nxc6 bxc6 6. e5 Nd5 7. c4 Bb4+ 8. Bd2 Bxd2+ 9. Nxd2 Ne7 10. Bd3 d6 11. exd6 cxd6 12. 0-0 Be6 13. Ne4 0-0 14. Nxd6 Ng6 15. Bxg6 fxg6 16. b3 Qh4 17. Qe2 Bg4 18. f3 Qf6 19. Rad1 Be6 20. Rfe1 Bf5 21. Nxf5 gxf5 22. Qe6+ Qxe6 23. Rxe6 Rad8 24. Red6 Rxd6 25. Rxd6 a5 26. Kf2 a4 27. b4 f4 28. Rxc6 Rd8 29. Ke2 Re8+ 30. Kd2 Re3 31. b5 Ra3 32. b6 Rxa2+ 33. Kc1 1-0